Datum a čas kvízu
26
Celkem bodů
Celkový počet nahraných bodů na tomto kvízu bez doplňovacích otázek.
7.
Pořadí na kvízu
Konečné umístění týmu na tomto kvízu.
Zaznamenané odpovědi
| # | Otázka | Odpověď | Body | Výsledky |
|---|---|---|---|---|
| 1. | Jak jste jistě mohli zaznamena... | do Indie | 0 | |
| 2. | Skotský parlament minulý týden... | o menstruační potřeby | 0 | |
| 3. | V pondělí jsme mohli zaznamena... | Kancelář Blaník | 0 | |
| 4. | Akcionáři jedné mediální spole... | CME, PPF | 0.5 | |
| 5. | Český profesionální cyklista p... | Leopold König | 0 | |
| 6. | Peníze máme v ruce každý den,... | Padělání bankovek se trestá podle zákona. | 0 | |
| 7. | Které dvě osobnosti mají jméno... | D | 0 | |
| 8. | Celkem kolikrát je na obou str... | čtyřikrát | 0 | |
| 9. | Kolik Kč činí nominální hodnot... | 2 000 Kč | 1 | |
| 10. | Které z mincí o hodnotě 1 až 5... | všechny | 0 |